| 000 | 00605nam a22001937a 4500 | ||
|---|---|---|---|
| 003 | 0 | ||
| 005 | 20250107121226.0 | ||
| 008 | 250107b xxu||||| |||| 00| 0 eng d | ||
| 020 | _a9781984679529 | ||
| 050 |
_aLB 2361 _b.T57 2023 |
||
| 245 | _aCurriculum design and lesson planning / | ||
| 250 | _a2nd ed. | ||
| 260 |
_aNew York, NY : _b3G E-Learning LLC, _c2023. |
||
| 300 |
_aix, 430 p. : _bcol. ill. ; _c26 cm. |
||
| 504 | _aIncludes bibliographical references and index. | ||
| 650 |
_aEducation _vCurricula _xAddresses, essay, lectures. |
||
| 650 |
_aEducation, higher _vCurricula. |
||
| 942 |
_2lcc _cBK |
||
| 999 |
_c366905 _d366905 |
||